| 000 | 00581nam a22002057a 4500 | ||
|---|---|---|---|
| 999 |
_c6538 _d6538 |
||
| 001 | 6538 | ||
| 003 | BD-JhCC | ||
| 005 | 20180125083626.0 | ||
| 008 | 180125b xxu||||| |||| 00| 0 eng d | ||
| 035 | _a(BD-JhCC)6538 | ||
| 040 |
_aBD-JhCC _dBD-JhCC |
||
| 041 | _aeng | ||
| 082 |
_a190 _bDOR 1379 |
||
| 245 |
_aদর্শন / _cদেওয়ান মোহাম্মদ আজফর |
||
| 260 |
_aঢাকা : _bবাংলাদেশ দর্শন সমিতি, _c1379. |
||
| 300 |
_a14 p. : _c24 cm. |
||
| 650 | _aPhilosopy | ||
| 942 |
_2ddc _cBK |
||